000 00449nam a2200145Ia 4500
008 210716s2011 xx 000 0 und d
020 _a9788184899184
041 _aeng
082 _a005.1372 HETM
100 _aHetland, Magnus Lie.
245 _aPython algorithms: mastering basic algorithms in the python language.
_bMastering basic algorithms in the python language.
250 _a1
260 _aNew Delhi
_bSpringer
_c2011
300 _axvi,316
999 _c193447
_d193447